Initik Augmatbau
Guardat en:
| Autors principals: | , , , |
|---|---|
| Format: | Llibre |
| Idioma: | espanyol |
| Publicat: |
Pucallpa
Instituto Lingüístico de Verano
1978
|
| Col·lecció: | Comunidades y Culturas Peruanas, 16
|
| Matèries: | |
| Etiquetes: |
Afegir etiqueta
Sense etiquetes, Sigues el primer a etiquetar aquest registre!
|
MARC
| LEADER | 00000nam a2200000 a 4500 | ||
|---|---|---|---|
| 001 | UCO9810 | ||
| 003 | CL-VaPUC | ||
| 008 | 010309e19780000pe |||||||||||||||||spa|d | ||
| 041 | 0 | 7 | |a spa |2 CL-VaPUC |
| 041 | 0 | 7 | |a agr |2 CL-VaPUC |
| 082 | 0 | 4 | |a 408.9 |b AKU |2 21 |
| 100 | 0 | |a Akuts Nugkai, Timías |e author |9 454943 | |
| 700 | 0 | |a Paati Dusiya, Arturo |e author |9 454944 | |
| 700 | 0 | |a Shawit Piitug, Alejandro |e author |9 454945 | |
| 700 | 0 | |a Grover, Jeanne |e author |9 454946 | |
| 245 | 1 | 0 | |a Initik Augmatbau |
| 246 | 1 | 0 | |a Historia Aguaruna |
| 300 | |a v | ||
| 942 | |c BK | ||
| 945 | |d 20010309 00:00:00 |a cmena | ||
| 260 | |a Pucallpa |b Instituto Lingüístico de Verano |c 1978 | ||
| 500 | |a v.1: primera etapa, segunda parte | ||
| 650 | 0 | |a Lingüística |9 265068 | |
| 650 | 7 | |a LENGUAJE AGUARUNA |2 CL-VaPUC |9 454947 | |
| 650 | 0 | |a Culturas indígenas |9 266389 | |
| 650 | 0 | |a Mitología |9 255719 | |
| 650 | 0 | |a Antropología |9 233030 | |
| 583 | |a last modification |c 20171218 12:15:22 |k Rodrigo Vera | ||
| 490 | 0 | |a Comunidades y Culturas Peruanas, 16 | |
| 999 | |c 293833 |d 293831 | ||
| 952 | |0 0 |1 0 |4 0 |6 408_900000000000000_AKU_1978 |7 0 |8 A |9 345583 |a FDOPOS |b FDOPOS |d 2019-11-20 |h v.1 |i 3687422 |o 408.9 AKU 1978 |p 3687422 |r 2025-01-22 |w 2019-11-20 |y BK |k MLA | ||